<?xml version="1.0" encoding="UTF-8"?>
<record
    xmlns:xsi="http://www.w3.org/2001/XMLSchema-instance"
    xsi:schemaLocation="http://www.loc.gov/MARC21/slim http://www.loc.gov/standards/marcxml/schema/MARC21slim.xsd"
    xmlns="http://www.loc.gov/MARC21/slim">

  <leader>01119nam a2200313Ia 4500</leader>
  <controlfield tag="001">Para_6003</controlfield>
  <controlfield tag="003">CHAP</controlfield>
  <controlfield tag="008">220125s1990    xx            000 0 und d</controlfield>
  <datafield tag="010" ind1=" " ind2=" ">
    <subfield code="a">202662</subfield>
  </datafield>
  <datafield tag="040" ind1=" " ind2=" ">
    <subfield code="c">CHAP</subfield>
  </datafield>
  <datafield tag="090" ind1=" " ind2=" ">
    <subfield code="a">PA TESIS 587</subfield>
  </datafield>
  <datafield tag="100" ind1=" " ind2=" ">
    <subfield code="a">Urz&#xFA;a Soria, Fernando</subfield>
    <subfield code="9">117020</subfield>
  </datafield>
  <datafield tag="245" ind1=" " ind2=" ">
    <subfield code="a">Efecto de tratamientos de control sobre las poblaciones y gremios de arvenses en cultivos de frijol Phaseolus vulgaris L. y maiz Zea mays L.; quinto a&#xF1;o de estudio y an&#xE1;lisis global /</subfield>
    <subfield code="c"> por Fernando Urz&#xFA;a Soria</subfield>
  </datafield>
  <datafield tag="260" ind1=" " ind2=" ">
    <subfield code="a">Montecillo, M&#xE9;x. :</subfield>
    <subfield code="b"> el autor</subfield>
  </datafield>
  <datafield tag="300" ind1=" " ind2=" ">
    <subfield code="a">176 h.</subfield>
  </datafield>
  <datafield tag="502" ind1=" " ind2=" ">
    <subfield code="a">Tesis (M.C. Esp. en Bot&#xE1;nica) CP Centro de Bot&#xE1;nica</subfield>
  </datafield>
  <datafield tag="650" ind1=" " ind2=" ">
    <subfield code="a">Frijol </subfield>
    <subfield code="x"> malas hierbas</subfield>
    <subfield code="x">control </subfield>
    <subfield code="9">43402</subfield>
  </datafield>
  <datafield tag="650" ind1=" " ind2=" ">
    <subfield code="a">Frijol </subfield>
    <subfield code="x"> rendimiento </subfield>
    <subfield code="9">43429</subfield>
  </datafield>
  <datafield tag="650" ind1=" " ind2=" ">
    <subfield code="a">Ma&#xED;z </subfield>
    <subfield code="x"> malas hierbas </subfield>
    <subfield code="x"> control</subfield>
    <subfield code="9">71003</subfield>
  </datafield>
  <datafield tag="650" ind1=" " ind2=" ">
    <subfield code="a">Ma&#xED;z </subfield>
    <subfield code="x"> rendimiento </subfield>
    <subfield code="9">71051</subfield>
  </datafield>
  <datafield tag="710" ind1=" " ind2=" ">
    <subfield code="a">Colegio de Postgraduados. Centro de Bot&#xE1;nica</subfield>
    <subfield code="9">167960</subfield>
  </datafield>
  <datafield tag="901" ind1=" " ind2=" ">
    <subfield code="a">PA TESIS 587</subfield>
  </datafield>
  <datafield tag="902" ind1=" " ind2=" ">
    <subfield code="a">A</subfield>
  </datafield>
  <datafield tag="905" ind1=" " ind2=" ">
    <subfield code="a">0000001990                                 0000000000   00</subfield>
  </datafield>
  <datafield tag="910" ind1=" " ind2=" ">
    <subfield code="a">1990</subfield>
  </datafield>
  <datafield tag="942" ind1=" " ind2=" ">
    <subfield code="c">PARA</subfield>
  </datafield>
  <datafield tag="942" ind1=" " ind2=" ">
    <subfield code="c">PARA</subfield>
    <subfield code="d">1</subfield>
  </datafield>
  <datafield tag="999" ind1=" " ind2=" ">
    <subfield code="c">202662</subfield>
    <subfield code="d">202662</subfield>
  </datafield>
  <datafield tag="952" ind1=" " ind2=" ">
    <subfield code="0">0</subfield>
    <subfield code="1">0</subfield>
    <subfield code="2">local</subfield>
    <subfield code="4">0</subfield>
    <subfield code="5">1</subfield>
    <subfield code="7">0</subfield>
    <subfield code="8">TESIS</subfield>
    <subfield code="a">PA</subfield>
    <subfield code="b">PA</subfield>
    <subfield code="d">2005-10-27</subfield>
    <subfield code="f">PARA</subfield>
    <subfield code="i">(PA_3421) (No. UACh CONSUMO)</subfield>
    <subfield code="l">0</subfield>
    <subfield code="o">PA TESIS 587</subfield>
    <subfield code="p">4101000828</subfield>
    <subfield code="r">2022-01-25 00:00:00</subfield>
    <subfield code="t">Ej.1</subfield>
    <subfield code="w">2022-01-25</subfield>
    <subfield code="y">TESIS</subfield>
    <subfield code="z">3</subfield>
  </datafield>
</record>
